000 00490nam a2200193Ia 4500
005 20250923144613.0
008 008 250917s9999 xx 000 0 eng d
037 _aTextual
040 _aDSWL
_beng
_cDSWL
041 _aeng
_2eng
084 _qDSWL
245 0 _aCreating and Industrial civilization
_cEd. By Eugene Staley
260 _aLondon
_bBotley Itead
_c1952
300 _axvi,368p.
365 _aINR
_b21
925 _g21
942 _cTEXL
999 _c1441043
_d1441043